Digital signal processors : (Record no. 895)
[ view plain ]
| 000 -LEADER | |
|---|---|
| fixed length control field | 00789nac a22001931u 4500 |
| 020 ## - INTERNATIONAL STANDARD BOOK NUMBER | |
| International Standard Book Number | 0131277669 (pbk.) |
| 082 ## - DEWEY DECIMAL CLASSIFICATION NUMBER | |
| Classification number | 621.3822 |
| Item number | K9668 |
| 090 ## - LOCALLY ASSIGNED LC-TYPE CALL NUMBER (OCLC); LOCAL CALL NUMBER (OCLC) | |
| -- | 895 |
| -- | 895 |
| 100 ## - MAIN ENTRY--PERSONAL NAME | |
| Personal name | Kuo, Sen M. |
| 245 ## - TITLE STATEMENT | |
| Title | Digital signal processors : |
| Remainder of title | architectures, implementations, and applications / |
| Statement of responsibility, etc | Sen M. Kuo, Woon-Seng Gan. |
| 250 ## - EDITION STATEMENT | |
| Edition statement | International edition. |
| 260 ## - PUBLICATION, DISTRIBUTION, ETC. (IMPRINT) | |
| Place of publication, distribution, etc | London : |
| Name of publisher, distributor, etc | Pearson Prentice Hall, |
| Date of publication, distribution, etc | 2004. |
| 300 ## - PHYSICAL DESCRIPTION | |
| Extent | xi, 601 p. : |
| Other physical details | ill. ; |
| Dimensions | 24cm + |
| Accompanying material | 1 CD-ROM. |
| 504 ## - BIBLIOGRAPHY, ETC. NOTE | |
| Bibliography, etc | Includes bibliographical references and index. |
| 650 ## - SUBJECT ADDED ENTRY--TOPICAL TERM | |
| Topical term or geographic name as entry element | Signal processing |
| General subdivision | Digital techniques. |
| 700 ## - ADDED ENTRY--PERSONAL NAME | |
| Personal name | Gan, Woon-Seng. |
| 942 ## - ADDED ENTRY ELEMENTS (KOHA) | |
| Item type | Book - Borrowing |
| Call number prefix | 621.3822K9668 |
| Withdrawn status | Item status | Source of classification or shelving scheme | Damaged status | Not for loan | Vendor | Home library | Current library | Shelving location | Date acquired | Source of acquisition | Cost, normal purchase price | Total Checkouts | Full call number | Barcode | Date last seen | Cost, replacement price | Koha item type |
|---|---|---|---|---|---|---|---|---|---|---|---|---|---|---|---|---|---|
| Dewey Decimal Classification | Central Library | Central Library | First floor | 06/08/2009 | 262.00 | 621.3822 KUO | 000003634 | 15/07/2025 | 327.50 | Book - Borrowing | |||||||
| Dewey Decimal Classification | unknown | Central Library | Central Library | First floor | 19/09/2018 | Purchase | 621.3822 KUO | 000043558 | 24/08/2022 | CD | DVD - With book |